<?xml version="1.0" encoding="UTF-8"?>
<record
    xmlns:xsi="http://www.w3.org/2001/XMLSchema-instance"
    xsi:schemaLocation="http://www.loc.gov/MARC21/slim http://www.loc.gov/standards/marcxml/schema/MARC21slim.xsd"
    xmlns="http://www.loc.gov/MARC21/slim">

  <leader>01065nam2a22002411  4500</leader>
  <controlfield tag="001">rc\4923551</controlfield>
  <controlfield tag="005">20250612204346.0</controlfield>
  <datafield tag="021" ind1=" " ind2=" ">
    <subfield code="a">RU</subfield>
    <subfield code="b">&#x420;&#x433;5009-58</subfield>
  </datafield>
  <datafield tag="035" ind1=" " ind2=" ">
    <subfield code="a">(NLR Aleph) 008842679</subfield>
  </datafield>
  <datafield tag="090" ind1=" " ind2=" ">
    <subfield code="a">8352699</subfield>
    <subfield code="c">8352699</subfield>
  </datafield>
  <datafield tag="100" ind1=" " ind2=" ">
    <subfield code="a">20130426d1957    |||y0rusy50      ca</subfield>
  </datafield>
  <datafield tag="101" ind1="0" ind2=" ">
    <subfield code="a">rus</subfield>
  </datafield>
  <datafield tag="102" ind1=" " ind2=" ">
    <subfield code="a">RU</subfield>
  </datafield>
  <datafield tag="105" ind1=" " ind2=" ">
    <subfield code="a">y   z   |||||</subfield>
  </datafield>
  <datafield tag="200" ind1="1" ind2=" ">
    <subfield code="a">... &#x434;&#x43B;&#x44F; &#x434;&#x440;&#x43E;&#x431;&#x438;&#x43B;&#x44C;&#x43D;&#x43E;&#x439; &#x438; &#x43E;&#x431;&#x43E;&#x433;&#x430;&#x442;&#x438;&#x442;&#x435;&#x43B;&#x44C;&#x43D;&#x43E;&#x439; &#x444;&#x430;&#x431;&#x440;&#x438;&#x43A;</subfield>
  </datafield>
  <datafield tag="210" ind1=" " ind2=" ">
    <subfield code="d">1957</subfield>
    <subfield code="a">&#x411;. &#x43C;.</subfield>
  </datafield>
  <datafield tag="215" ind1=" " ind2=" ">
    <subfield code="a">139 &#x441;.</subfield>
  </datafield>
  <datafield tag="461" ind1=" " ind2="0">
    <subfield code="1">001rc\4923549</subfield>
    <subfield code="1">2001#$a&#x421;&#x431;&#x43E;&#x440;&#x43D;&#x438;&#x43A; &#x438;&#x43D;&#x441;&#x442;&#x440;&#x443;&#x43A;&#x446;&#x438;&#x439; &#x43F;&#x43E; &#x442;&#x435;&#x445;&#x43D;&#x438;&#x43A;&#x435; &#x431;&#x435;&#x437;&#x43E;&#x43F;&#x430;&#x441;&#x43D;&#x43E;&#x441;&#x442;&#x438;...$e&#x2116; 7$f&#x42E;&#x436;&#x43D;&#x44B;&#x439; &#x433;&#x43E;&#x440;&#x43D;&#x43E;&#x43E;&#x431;&#x43E;&#x433;&#x430;&#x442;. &#x43A;&#x43E;&#x43C;&#x431;&#x438;&#x43D;&#x430;&#x442;$v&#x2116; 29</subfield>
    <subfield code="9">8352690</subfield>
    <subfield code="a">&#x42E;&#x436;&#x43D;&#x44B;&#x439; &#x433;&#x43E;&#x440;&#x43D;&#x43E;&#x43E;&#x431;&#x43E;&#x433;&#x430;&#x442;&#x438;&#x442;&#x435;&#x43B;&#x44C;&#x43D;&#x44B;&#x439; &#x43A;&#x43E;&#x43C;&#x431;&#x438;&#x43D;&#x430;&#x442; (&#x41A;&#x440;&#x438;&#x432;&#x43E;&#x439; &#x420;&#x43E;&#x433;)</subfield>
    <subfield code="c">&#x41A;&#x440;&#x438;&#x432;&#x43E;&#x439; &#x420;&#x43E;&#x433;</subfield>
    <subfield code="d">1957</subfield>
    <subfield code="f">&#x42E;&#x436;&#x43D;&#x44B;&#x439; &#x433;&#x43E;&#x440;&#x43D;&#x43E;&#x43E;&#x431;&#x43E;&#x433;&#x430;&#x442;. &#x43A;&#x43E;&#x43C;&#x431;&#x438;&#x43D;&#x430;&#x442;</subfield>
    <subfield code="n">&#x411;. &#x438;.</subfield>
    <subfield code="o">&#x2116; 7</subfield>
    <subfield code="t">&#x421;&#x431;&#x43E;&#x440;&#x43D;&#x438;&#x43A; &#x438;&#x43D;&#x441;&#x442;&#x440;&#x443;&#x43A;&#x446;&#x438;&#x439; &#x43F;&#x43E; &#x442;&#x435;&#x445;&#x43D;&#x438;&#x43A;&#x435; &#x431;&#x435;&#x437;&#x43E;&#x43F;&#x430;&#x441;&#x43D;&#x43E;&#x441;&#x442;&#x438;...</subfield>
    <subfield code="v">&#x2116; 29</subfield>
  </datafield>
  <datafield tag="801" ind1=" " ind2="0">
    <subfield code="a">RU</subfield>
    <subfield code="b">NLR</subfield>
    <subfield code="g">psbo</subfield>
  </datafield>
  <datafield tag="801" ind1=" " ind2="1">
    <subfield code="a">RU</subfield>
    <subfield code="b">ELAR</subfield>
    <subfield code="2">rusmarc</subfield>
  </datafield>
  <datafield tag="852" ind1=" " ind2=" ">
    <subfield code="a">NLR</subfield>
    <subfield code="j">58-1/591</subfield>
  </datafield>
  <datafield tag="942" ind1=" " ind2=" ">
    <subfield code="c">BOOK</subfield>
  </datafield>
  <datafield tag="980" ind1=" " ind2=" ">
    <subfield code="a">NB</subfield>
  </datafield>
  <datafield tag="995" ind1=" " ind2=" ">
    <subfield code="5">2013-10-26</subfield>
    <subfield code="b">NLR01</subfield>
    <subfield code="c">NLR01</subfield>
    <subfield code="e">RF31</subfield>
    <subfield code="f">8842679-10</subfield>
    <subfield code="k">58-1/591</subfield>
    <subfield code="o">0</subfield>
    <subfield code="r">BOOK</subfield>
    <subfield code="s">581591_</subfield>
  </datafield>
</record>
